| 000 | 00373nam a2200157Ia 4500 | ||
|---|---|---|---|
| 003 | 0STCL | ||
| 008 | 150530s9999 xx 000 0 und d | ||
| 040 |
_aSTCL _cSTCL |
||
| 100 | _aBrajadulal Chattopadhyaya | ||
| 245 | _aEssays in ancient Indian economic history | ||
| 260 | _c1987 | ||
| 546 | _aEnglish | ||
| 942 |
_2ddc _cBK |
||
| 999 |
_c70140 _d70140 |
||
| 005 | 20220125171429.0 | ||